The vampire's vacation / (Record no. 2044)

MARC details
000 -LEADER
fixed length control field 00811nam a22002657a 4500
005 - DATE AND TIME OF LATEST TRANSACTION
control field 20231103114916.0
020 ## - INTERNATIONAL STANDARD BOOK NUMBER
International Standard Book Number 9780439680905
040 ## - CATALOGING SOURCE
Original cataloging agency FISKH
Language of cataloging eng
Transcribing agency FISKH
Modifying agency FISKH
050 ## - LIBRARY OF CONGRESS CALL NUMBER
Classification number PZ7.R8139
082 ## - DEWEY DECIMAL CLASSIFICATION NUMBER
Classification number 813.54
100 ## - MAIN ENTRY--PERSONAL NAME
Personal name Roy, Ron
Dates associated with a name 1940-
245 ## - TITLE STATEMENT
Title The vampire's vacation /
Statement of responsibility, etc. A to Z mysteries by Ron Roy
260 ## - PUBLICATION, DISTRIBUTION, ETC.
Place of publication, distribution, etc. New York :
Name of publisher, distributor, etc. Scholastic,
Date of publication, distribution, etc. 2004
300 ## - PHYSICAL DESCRIPTION
Extent 84 pages :
Dimensions 19 cm
490 ## - SERIES STATEMENT
Materials specified A to Z Mysteries
505 ## - FORMATTED CONTENTS NOTE
Formatted contents note L
520 ## - SUMMARY, ETC.
Summary, etc. Dink, Josh, and Ruth Rose investigate a mysterious man in black who Josh believes is a vampire.
521 ## - TARGET AUDIENCE NOTE
Target audience note 590
Source Lexile
521 ## - TARGET AUDIENCE NOTE
Target audience note L
Source Raz-Plus
650 ## - SUBJECT ADDED ENTRY--TOPICAL TERM
Source of heading or term Vampire
Topical term or geographic name entry element Juvenile Fiction
650 ## - SUBJECT ADDED ENTRY--TOPICAL TERM
Source of heading or term Vacation
Topical term or geographic name entry element Juvenile Fiction
700 ## - ADDED ENTRY--PERSONAL NAME
Personal name Gurney. John Steven
Titles and other words associated with a name illustrator
942 ## - ADDED ENTRY ELEMENTS (KOHA)
Source of classification or shelving scheme Dewey Decimal Classification
Koha item type Books
Edition First Scholastic Edition
Suppress in OPAC No
999 ## -
-- 2044
-- 2044
Holdings
Withdrawn status Lost status Source of classification or shelving scheme Damaged status Not for loan Collection Home library Current library Shelving location Date acquired Total Checkouts Full call number Barcode Date last seen Date last checked out Price effective from Koha item type
    Dewey Decimal Classification     Juvenile Fiction Footprints International School Library Network Toul Kork Campus Footprints International School Library Network Toul Kork Campus TK Primary Library Room(4th Floor), Bookcase 3&4, Shelves 17-32, Yellow Books 11/02/2023 3 ROY 813.54 PZ7.R8139 FISTK00583 12/19/2025 08/29/2025 11/02/2023 Books